Online Journal Modelling the New Europe Interdisciplinary Studies
Uložené v:
| Médium: | Seriál |
|---|---|
| Jazyk: | English |
| Vydavateľské údaje: |
Cluj-Napoca
Babeş-Bolyai University
|
| Tagy: |
Žiadne tagy, Buďte prvý, kto otaguje tento záznam!
|
MARC
| LEADER | 00000nls a2200000 4500 | ||
|---|---|---|---|
| 001 | 0281666 | ||
| 005 | 20250701092131.0 | ||
| 022 | |a 2247-0514 | ||
| 041 | 0 | |a eng | |
| 044 | |a RO | ||
| 245 | 1 | 0 | |a Online Journal Modelling the New Europe |b Interdisciplinary Studies |
| 264 | 1 | |a Cluj-Napoca |b Babeş-Bolyai University | |